Name all South America Capitals - Statistics

General Stats
  • This quiz has been taken 27 times
  • The average score is 11 of 13
Answer Stats
Answer % Correct
Bogotá
100%
Brasília
100%
Buenos Aires
91%
La Paz
91%
Lima
91%
Quito
91%
Santiago
91%
Asunción
82%
Caracas
82%
Georgetown
73%
Montevideo
73%
Sucre
73%
Paramaribo
55%
No matching quizzes found
Score Distribution
Percent of People with Each Score
Percentile by Number Answered
Your Score History
You have not taken this quiz